| 000 | 01754nam0a2200361 4500 | ||
|---|---|---|---|
| 001 | RU\NLR\BIBL_A\010588632 | ||
| 005 | 201503050506 | ||
| 010 |
_a978-5-17-085231-4 _95000 |
||
| 021 |
_aRU _b2014-88197 _95364 |
||
| 035 | _a(NLR Aleph) 010588632 | ||
| 035 | _a(NILC)RuMoRGB-007828222 | ||
| 090 |
_a10493362 _c10493362 |
||
| 100 | _a20150121d2014 m y0rusy50 ca | ||
| 101 | 0 | _arus | |
| 102 | _aRU | ||
| 105 | _aa|||z|||000ay | ||
| 200 | 1 |
_aРусский жестокий рассказ _e[сборник] _fсост.: Владимир Сорокин |
|
| 210 |
_aМосква _cCORPUS _cАСТ _d2014 |
||
| 215 |
_a636, [1] с. _cил. _d21 |
||
| 327 | 0 | _aСодерж.: Вечер накануне Ивана Купала / Н.В. Гоголь. Игоша / В.Ф. Одоевский. Фаталист / М.Ю. Лермонтов. Кроткая / Ф.М. Достоевский. Смерть Ивана Ильича / Л.Н. Толстой. Трус / В.М. Гаршин. Спать хочется / А.П. Чехов. В подвале / Леонид Андреев. В толпе / Федор Сологуб. Васька Красный / Максим Горький [и др.] | |
| 333 | _a18+ | ||
| 606 | 1 |
_aЖестокость _xв художественной литературе _2nlr_sh2 _3RU\NLR\AUTH\6601566573 |
|
| 686 | 2 | _aШ6(2=Р)-4 | |
| 686 | 2 | _aШ6(2=Р)-94 | |
| 702 | 1 |
_aСорокин _bВ. Г. _cписатель _f1955- _gВладимир Георгиевич _3RU\NLR\AUTH\7711314 _4220 |
|
| 801 | 0 |
_aRU _bРГБ _c20141125 _gRCR |
|
| 942 | _cBOOK | ||
| 980 | _aNBR | ||
| 980 | _aNB | ||